| 000 | 00762nam a2200229Ia 4500 | ||
|---|---|---|---|
| 003 | GCL | ||
| 008 | 140319s9999 xx 000 0 ara d | ||
| 040 |
_aGCL / _cGCL |
||
| 082 | 0 | 4 |
_a935.02 _bك ك |
| 100 | 1 | _aكييرا, ادوارد | |
| 245 | 1 | 0 |
_aكتبوا على الطين: رقم الطين البابلية تتحدث اليوم / _cكييرا, ادوارد |
| 700 | 1 | _aمحمود حسين الامين | |
| 700 | 1 | _aعلى خليل | |
| 300 | _a265 ص | ||
| 490 |
_aالهيئة العامة للاستعلامات _v0 |
||
| 650 | 0 | 4 | _aالاثار |
| 650 | 0 | 4 | _aالحفريات الاثرية |
| 650 | 0 | 4 | _aالاشوريون |
| 650 | 0 | 4 | _aحضارة العراق القديمة |
| 650 | 0 | 4 | _aالتاريخ - مصادر |
| 942 |
_2ddc _cBK |
||
| 999 |
_c49604 _d49604 |
||